Qualitative research in nursing : (Record no. 17485)

MARC details
000 -LEADER
fixed length control field 03074cam a22003134a 4500
001 - CONTROL NUMBER
control field 16281346
005 - DATE AND TIME OF LATEST TRANSACTION
control field 20130529122519.0
008 - FIXED-LENGTH DATA ELEMENTS--GENERAL INFORMATION
fixed length control field 100609s2011 paua b 001 0 eng
020 ## - INTERNATIONAL STANDARD BOOK NUMBER
International Standard Book Number 9780781796002 (pbk.)
020 ## - INTERNATIONAL STANDARD BOOK NUMBER
International Standard Book Number 0781796008 (pbk.)
082 00 - DEWEY DECIMAL CLASSIFICATION NUMBER
Classification number 610.73072
Edition number 22
Item number SPE
100 1# - MAIN ENTRY--PERSONAL NAME
Personal name Speziale, Helen Streubert.
9 (RLIN) 33280
245 10 - TITLE STATEMENT
Title Qualitative research in nursing :
Remainder of title advancing the humanistic imperative /
Statement of responsibility, etc Helen J. Streubert, Dona Rinaldi Carpenter.
250 ## - EDITION STATEMENT
Edition statement 5th ed.
260 ## - PUBLICATION, DISTRIBUTION, ETC. (IMPRINT)
Place of publication, distribution, etc Philadelphia :
Name of publisher, distributor, etc Wolters Kluwer Health/Lippincott Williams & Wilkins,
Date of publication, distribution, etc c2011.
300 ## - PHYSICAL DESCRIPTION
Extent xxiv, 470 p. :
Other physical details ill. ;
Dimensions 23 cm.
504 ## - BIBLIOGRAPHY, ETC. NOTE
Bibliography, etc Includes bibliographical references and index.
505 8# - FORMATTED CONTENTS NOTE
Formatted contents note (Publisher-supplied data) Philosophy and Theory: Foundations of Qualitative Research / Helen J. Streubert Speziale -- The Conduct of Qualitative Research: Common Essential Elements / Helen J. Streubert Speziale -- Designing Data Generation and Management Strategies / Helen J. Streubert Speziale -- Ethical Considerations in Qualitative Research / Dona Rinaldi Carpenter -- Phenomenology as Method / Dona Rinaldi Carpenter -- Phenomenology in Practice, Education, and Administration / Dona Rinaldi Carpenter -- Grounded Theory as Method / Dona Rinaldi Carpenter -- Grounded Theory in Practice, Education, and Administration / Dona Rinaldi Carpenter -- Ethnography as Method / Helen J. Streubert Speziale -- Ethnography in Practice, Education, and Administration / Helen J. Streubert Speziale -- Historical Research Method / Sandra B. Lewenson -- Historical Research in Practice, Education, and Administration / Sandra B. Lewenson -- Action Research Method / Helen J. Streubert Speziale -- Education and Administration Action / Helen J. Streubert Speziale -- Triangulation as a Qualitative Research Strategy / Dona Rinaldi Carpenter -- Writing a Qualitative Research Proposal / Dona Rinaldi Carpenter -- A Practical Guide for Sharing Qualitative Research Results / Helen J. Streubert Speziale.
520 ## - SUMMARY, ETC.
Summary, etc "Qualitative Research in Nursing is a user-friendly text that systematically provides a sound foundation for understanding a wide range of qualitative research methodologies, including triangulation. It approaches nursing education, administration, and practice and gives step-by-step details to instruct students on how to implement each approach. Features include emphasis on ethical considerations and methodological triangulation, instrument development and software usage; critiquing guidelines and questions to ask when evaluating aspects of published research; and tables of published research that offer resources for further reading"--Provided by publisher.
650 #0 - SUBJECT ADDED ENTRY--TOPICAL TERM
Topical term or geographic name as entry element Nursing
General subdivision Research
-- Methodology.
9 (RLIN) 28914
650 #0 - SUBJECT ADDED ENTRY--TOPICAL TERM
Topical term or geographic name as entry element Qualitative research
General subdivision Methodology.
9 (RLIN) 33281
650 12 - SUBJECT ADDED ENTRY--TOPICAL TERM
Topical term or geographic name as entry element Nursing Research
General subdivision methods.
9 (RLIN) 33282
650 22 - SUBJECT ADDED ENTRY--TOPICAL TERM
Topical term or geographic name as entry element Qualitative Research.
9 (RLIN) 33283
650 22 - SUBJECT ADDED ENTRY--TOPICAL TERM
Topical term or geographic name as entry element Quality Assurance, Health Care.
9 (RLIN) 33284
650 22 - SUBJECT ADDED ENTRY--TOPICAL TERM
Topical term or geographic name as entry element Research Design.
9 (RLIN) 33285
653 ## - INDEX TERM--UNCONTROLLED
Resource For college
Arrived date list May2013
700 1# - ADDED ENTRY--PERSONAL NAME
Personal name Carpenter, Dona Rinaldi.
9 (RLIN) 33286
942 ## - ADDED ENTRY ELEMENTS (KOHA)
Source of classification or shelving scheme Dewey Decimal Classification
Item type
Holdings
Withdrawn status Item status Source of classification or shelving scheme Damaged status Not for loan Vendor Home library Current library Shelving location Date acquired Source of acquisition Cost, normal purchase price Serial Enumeration / chronology Total Checkouts Total Renewals Full call number Barcode Date last seen Date last borrowed Cost, replacement price Koha item type
    Dewey Decimal Classification     Baccah Central Library Central Library First floor 29/05/2013   297.00 17806 18 67 610.73072 SPE 000028758 15/07/2025 27/03/2024 371.25 Book - Borrowing